[Event "GER-ch 71st"]
[Site "Altenkirchen"]
[Date "1999.11.13"]
[Round "2"]
[White "Mueller, Karsten"]
[Black "Jugelt, Tobias"]
[Result "1-0"]
[WhiteElo "2533"]
[BlackElo "2401"]
[EventDate "1999.11.12"]
[PlyCount "47"]

1. e4 c5 2. Nf3 d6 3. d4 cxd4 4. Nxd4 Nf6 5. Nc3 a6 6. Bc4 e6 7. Bb3 Nbd7 8. f4 Nc5 9. e5 dxe5 10. fxe5 Nfd7 11. Bf4 b5 12. Qe2 Bb7 13. O-O-O Qb6 14. Rhf1 g6 15. h4 h6 16. Kb1 Bg7 17. Nxe6 fxe6 18. Rd6 Qa5 19. Bxe6 Rf8 20. Bxd7+ Nxd7 21. Rxg6 Bh8 22. Re6+ Kd8 23. Rd6 Qb4 24. Qg4 1-0

[Event "GER-ch 71st"]
[Site "Altenkirchen"]
[Date "1999.11.13"]
[Round "2"]
[White "Mueller, Matthias"]
[Black "Lutz, Christopher"]
[Result "1/2-1/2"]
[WhiteElo "2403"]
[BlackElo "2591"]
[EventDate "1999.11.12"]
[PlyCount "79"]

1. e4 c5 2. Nf3 d6 3. d4 cxd4 4. Nxd4 Nf6 5. Nc3 a6 6. Bg5 e6 7. f4 Be7 8. Qf3 Qc7 9. O-O-O Nbd7 10. g4 b5 11. Bxf6 Nxf6 12. a3 Nd7 13. f5 Ne5 14. Qg3 Rb8 15. g5 b4 16. axb4 Rxb4 17. Bh3 Qb6 18. fxe6 Rxd4 19. exf7+ Nxf7 20. Bxc8 Bxg5+ 21. Kb1 Rb4 22. Nd5 Rxb2+ 23. Ka1 Qb8 24. Qc3 Rb5 25. Be6 Rc5 26. Bxf7+ Kxf7 27. Rdf1+ Kg6 28. Qa3 Qe8 29. Rhg1 Qe5+ 30. c3 Qxe4 31. Rxg5+ Kxg5 32. Qc1+ Kg6 33. Rg1+ Kf7 34. Rxg7+ Kxg7 35. Qg5+ Qg6 36. Qe7+ Kh6 37. Qh4+ Kg7 38. Qe7+ Kh6 39. Qh4+ Kg7 40. Qe7+ 1/2-1/2

[Event "GER-ch 71st"]
[Site "Altenkirchen"]
[Date "1999.11.13"]
[Round "2"]
[White "Osieka, Udo"]
[Black "Riediger, Martin"]
[Result "1-0"]
[WhiteElo "2342"]
[BlackElo "2230"]
[EventDate "1999.11.12"]
[PlyCount "62"]

1. c4 e6 2. Nf3 d5 3. g3 Nf6 4. Bg2 Be7 5. O-O O-O 6. d4 dxc4 7. Qc2 a6 8. a4 Nc6 9. Qxc4 Qd5 10. Nbd2 Rd8 11. e3 Qxc4 12. Nxc4 Bd7 13. Rd1 Nd5 14. Bd2 f6 15. e4 Ndb4 16. Bf4 Rac8 17. d5 Nb8 18. b3 b5 19. axb5 axb5 20. d6 Bxd6 21. Nxd6 cxd6 22. Bxd6 N4a6 23. Nd4 Kf7 24. e5 Be8 25. Bb7 fxe5 26. Bxe5 Rc5 27. f4 Nb4 28. Nf3 Nd5 29. Ra7 Nd7 30. Bd6 Rc2 31. Re1 N7f6 1-0

[Event "GER-ch 71st"]
[Site "Altenkirchen"]
[Date "1999.11.13"]
[Round "2"]
[White "Reefschlaeger, Helmut"]
[Black "Slobodjan, Roman"]
[Result "0-1"]
[WhiteElo "2381"]
[BlackElo "2550"]
[EventDate "1999.11.12"]
[PlyCount "40"]

1. d4 Nf6 2. Nf3 g6 3. b4 e6 4. a3 d5 5. e3 Bg7 6. Be2 Ne4 7. Bb2 O-O 8. Nbd2 f5 9. O-O Nd7 10. c4 Ndf6 11. Ne5 Nd7 12. Nxd7 Bxd7 13. Nxe4 fxe4 14. f3 exf3 15. Bxf3 c6 16. Qe2 Qh4 17. e4 Rae8 18. cxd5 cxd5 19. g3 Qg5 20. Qg2 Qe3+ 0-1

[Event "GER-ch 71st"]
[Site "Altenkirchen"]
[Date "1999.11.13"]
[Round "2"]
[White "Riegler, Dieter"]
[Black "Bischoff, Klaus"]
[Result "0-1"]
[WhiteElo "2194"]
[BlackElo "2509"]
[EventDate "1999.11.12"]
[PlyCount "76"]

1. d4 e6 2. c4 b6 3. Nc3 Bb4 4. e4 Bb7 5. Bd3 Nc6 6. Nf3 Bxc3+ 7. bxc3 Nge7 8. O-O Ng6 9. Bg5 f6 10. Be3 O-O 11. h4 Nce7 12. h5 Nh8 13. Nd2 Nf7 14. g4 e5 15. f4 d6 16. a4 exf4 17. Bxf4 Qd7 18. Rf2 Rae8 19. Rg2 h6 20. Nf3 Ng5 21. Nxg5 fxg5 22. Bg3 Nc6 23. Qe2 Nd8 24. a5 Ne6 25. a6 Bc8 26. e5 Nf4 27. Bxf4 Rxf4 28. Bg6 Re7 29. Bf5 Qe8 30. Bxc8 Qxc8 31. c5 dxe5 32. dxe5 Qe6 33. Re1 Rc4 34. cxb6 cxb6 35. Qf3 Rf7 36. Qa8+ Kh7 37. Rd1 Rxg4 38. Re1 Rxg2+ 0-1

[Event "GER-ch 71st"]
[Site "Altenkirchen"]
[Date "1999.11.13"]
[Round "2"]
[White "Rohde, Ulrich"]
[Black "Kindermann, Stefan"]
[Result "1/2-1/2"]
[WhiteElo "2290"]
[BlackElo "2527"]
[EventDate "1999.11.12"]
[PlyCount "72"]

1. Nf3 Nf6 2. c4 g6 3. g3 Bg7 4. Bg2 O-O 5. O-O d6 6. d4 Nc6 7. Nc3 a6 8. d5 Na5 9. Nd2 c5 10. Rb1 Rb8 11. b3 b5 12. Bb2 e5 13. dxe6 Bxe6 14. cxb5 axb5 15. Nde4 Ne8 16. Nd5 Nc6 17. Bxg7 Kxg7 18. Nf4 Bf5 19. Qd2 Ne5 20. Rbd1 Bxe4 21. Bxe4 Nf6 22. Bg2 Rb6 23. Qb2 b4 24. Nd5 Nxd5 25. Rxd5 f6 26. Rfd1 Qe7 27. Qd2 Nf7 28. Rd3 Ra6 29. Qc2 Qa7 30. R1d2 Re8 31. Kf1 Re7 32. Bd5 Ne5 33. Re3 Nf7 34. Red3 Ne5 35. Re3 Nf7 36. Red3 Ne5 1/2-1/2

[Event "GER-ch 71st"]
[Site "Altenkirchen"]
[Date "1999.11.13"]
[Round "2"]
[White "Walter, Guenter"]
[Black "Kersten, Uwe"]
[Result "0-1"]
[WhiteElo "2305"]
[BlackElo "2366"]
[EventDate "1999.11.12"]
[PlyCount "72"]

1. d4 Nf6 2. c4 c5 3. d5 b5 4. cxb5 a6 5. bxa6 g6 6. Nc3 Bxa6 7. g3 d6 8. Bg2 Bg7 9. Nh3 Nbd7 10. Nf4 O-O 11. h4 h5 12. O-O Ne5 13. Qc2 Nfg4 14. Rb1 Qa5 15. Bd2 Nc4 16. Be1 Nge5 17. Be4 Rfb8 18. Nxg6 Nxg6 19. Bxg6 fxg6 20. Qxg6 Qd8 21. Qxh5 Rxb2 22. Rxb2 Nxb2 23. Ne4 Qe8 24. Qg5 Na4 25. h5 Kh8 26. h6 Be5 27. f4 Bd4+ 28. Bf2 Qf7 29. Bxd4+ cxd4 30. Rd1 Nc3 31. Nxc3 dxc3 32. Rc1 Rg8 33. Qh4 Qxd5 34. Kh2 Bb7 35. Rg1 c2 36. Qxe7 Qh5+ 0-1

[Event "GER-ch 71st"]
[Site "Altenkirchen"]
[Date "1999.11.14"]
[Round "3"]
[White "Bastian, Herbert"]
[Black "Gottschling, Stefan"]
[Result "1/2-1/2"]
[WhiteElo "2405"]
[BlackElo "2243"]
[EventDate "1999.11.12"]
[PlyCount "202"]

1. e4 d6 2. d4 Nf6 3. Bd3 e5 4. c3 Nc6 5. Nf3 Bg4 6. d5 Ne7 7. Nbd2 Ng6 8. h3 Bd7 9. Nc4 Be7 10. O-O O-O 11. Re1 c6 12. dxc6 bxc6 13. Qc2 Qc7 14. Bg5 Rfe8 15. Rad1 Rad8 16. Bf1 Be6 17. Qa4 h6 18. Bc1 Nd7 19. Qa5 Qxa5 20. Nxa5 Nb8 21. Be3 Rd7 22. Rd2 Red8 23. b4 f6 24. Red1 Kf7 25. c4 f5 26. exf5 Bxf5 27. a3 Bf6 28. Nh2 Be7 29. g3 d5 30. cxd5 cxd5 31. Bc5 Bxc5 32. bxc5 Ne7 33. Nf3 Kf6 34. Re1 Ng6 35. h4 Bg4 36. Nh2 Be6 37. Nf3 Bg4 38. Nh2 Be6 39. c6 Rc7 40. Bb5 d4 41. Nb7 Rf8 42. Nc5 Bf5 43. Ne4+ Bxe4 44. Rxe4 Nxc6 45. Ng4+ Kf5 46. Bd3 Ke6 47. h5 Nge7 48. f4 Rf5 49. Bc4+ Kd7 50. Nxe5+ Nxe5 51. Rdxd4+ Ke8 52. fxe5 Rc5 53. e6 Rxh5 54. a4 Nc6 55. Rd6 Ne5 56. Bb5+ Ke7 57. Ra6 Rc7 58. Kf2 Ng6 59. Bd7 Rf5+ 60. Ke3 Nf8 61. Bb5 Rd5 62. Bc4 Rdc5 63. Bb5 Rd5 64. Rc4 Rdc5 65. Rxc5 Rxc5 66. Rxa7+ Kxe6 67. Rxg7 Kf6 68. Ra7 Rc3+ 69. Bd3 Ne6 70. Kd2 Ra3 71. Ra5 Nd4 72. Ra6+ Ke5 73. Rxh6 Rxa4 74. Rh5+ Kf6 75. Ke3 Ne6 76. Rb5 Rg4 77. Rf5+ Kg7 78. Kf2 Rg5 79. Rf3 Ra5 80. g4 Ng5 81. Re3 Kf6 82. Bb1 Rb5 83. Re1 Rb2+ 84. Ke3 Rb3+ 85. Ke2 Rb2+ 86. Ke3 Rb3+ 87. Bd3 Rb4 88. Rf1+ Kg7 89. Bf5 Rb3+ 90. Kd4 Rf3 91. Ra1 Nf7 92. Ra6 Rf1 93. Rg6+ Kf8 94. Ra6 Kg7 95. Ke3 Rg1 96. Kf2 Rd1 97. Kg3 Rh1 98. Be4 Rf1 99. Bf5 Rh1 100. Rg6+ Kf8 101. Kg2 Rh6 1/2-1/2

[Event "GER-ch 71st"]
[Site "Altenkirchen"]
[Date "1999.11.14"]
[Round "3"]
[White "Bischoff, Klaus"]
[Black "Jussupow, Artur"]
[Result "1/2-1/2"]
[WhiteElo "2509"]
[BlackElo "2636"]
[EventDate "1999.11.12"]
[PlyCount "32"]

1. d4 d5 2. c4 c6 3. Nf3 Nf6 4. Qc2 g6 5. Bf4 dxc4 6. Qxc4 Bg7 7. e3 O-O 8. Qb3 c5 9. dxc5 Nbd7 10. Nbd2 Qa5 11. Qb5 Qxb5 12. Bxb5 Nxc5 13. Rc1 Ne6 14. Be5 Bd7 15. Bxd7 Nxd7 16. Bxg7 Kxg7 1/2-1/2

[Event "GER-ch 71st"]
[Site "Altenkirchen"]
[Date "1999.11.14"]
[Round "3"]
[White "Dettmann, Gerd"]
[Black "Walter, Guenter"]
[Result "0-1"]
[WhiteElo "2184"]
[BlackElo "2305"]
[EventDate "1999.11.12"]
[PlyCount "162"]

1. g3 d5 2. Bg2 Nf6 3. Nf3 e6 4. O-O Be7 5. c4 O-O 6. b3 c5 7. Bb2 Nc6 8. e3 b6 9. d4 Ba6 10. Nbd2 Rc8 11. Re1 cxd4 12. exd4 dxc4 13. bxc4 Na5 14. Ne5 Bxc4 15. Ndxc4 Nxc4 16. Nxc4 Rxc4 17. Bf1 Rc7 18. Bd3 Bb4 19. Re3 Nd5 20. Re5 g6 21. Re4 Bc3 22. Qb3 Bxb2 23. Qxb2 Rc3 24. Qd2 Qc7 25. h4 Rc8 26. Ree1 Nb4 27. Be4 Nc2 28. Bxc2 Rxc2 29. Qg5 Qc3 30. Qf6 Rxa2 31. Rad1 Rd2 32. h5 Rxd1 33. Rxd1 Qa3 34. Kg2 Qf8 35. Qf4 Qd8 36. d5 exd5 37. h6 Qf8 38. Rxd5 a5 39. Qd2 Rb8 40. Rb5 a4 41. g4 a3 42. g5 Ra8 43. Qa2 Ra6 44. f3 Qe7 45. Qa1 Qf8 46. Qa2 Ra8 47. Rxb6 Qc5 48. Rb7 Qxg5+ 49. Kf2 Rf8 50. Qxa3 Qxh6 51. Qb3 Qh2+ 52. Kf1 Qf4 53. Rb4 Qc1+ 54. Kf2 h5 55. Rb8 Qd2+ 56. Kf1 Rxb8 57. Qxb8+ Kh7 58. Qc7 Qd5 59. Kg2 Qf5 60. Qe7 g5 61. Qd6 h4 62. Qc6 Qe5 63. Qc2+ Kg7 64. Qd3 Qg3+ 65. Kf1 h3 66. Qc3+ Kg6 67. Qc6+ Kg7 68. Qc3+ f6 69. Qd3 Qc7 70. Kg1 Kh6 71. Qa3 Kh5 72. Qd3 Qg3+ 73. Kf1 Qg2+ 74. Ke1 Qg1+ 75. Ke2 Kh4 76. Qc4+ Kg3 77. Qg4+ Kh2 78. Qf5 Qd4 79. Qb1 Qe5+ 80. Kf1 Kg3 81. Kg1 Qe3+ 0-1

[Event "GER-ch 71st"]
[Site "Altenkirchen"]
[Date "1999.11.14"]
[Round "3"]
[White "Grund, Holger"]
[Black "Dautov, Rustem"]
[Result "1/2-1/2"]
[WhiteElo "2482"]
[BlackElo "2597"]
[EventDate "1999.11.12"]
[PlyCount "98"]

1. e4 c5 2. Nf3 e6 3. c3 Nf6 4. e5 Nd5 5. d4 cxd4 6. cxd4 d6 7. a3 Bd7 8. Bd3 Bc6 9. O-O Nd7 10. Re1 Be7 11. Bc2 Qc7 12. Nbd2 dxe5 13. dxe5 O-O 14. Nb3 Ba4 15. Qe2 g6 16. Bh6 Rfc8 17. Rac1 Qb6 18. Nbd4 Bxc2 19. Rxc2 Rxc2 20. Qxc2 Qd8 21. Qd2 a6 22. Bg5 Rc8 23. Bxe7 Nxe7 24. h4 Nf8 25. h5 Nf5 26. Nxf5 exf5 27. Rd1 Qxd2 28. Rxd2 Ne6 29. g3 Rc7 30. Kg2 gxh5 31. Nh4 f4 32. gxf4 Nxf4+ 33. Kf3 Ne6 34. Nf5 Rc4 35. Ke3 h4 36. Nd6 Rg4 37. f3 Rg5 38. f4 Rg3+ 39. Ke4 h3 40. Rh2 Rg4 41. Rxh3 Rxf4+ 42. Ke3 b5 43. Ne8 Rf5 44. Ke4 Rf2 45. Rg3+ Kf8 46. Nf6 Ke7 47. Rg8 Re2+ 48. Kf5 Nd4+ 49. Kf4 Ne6+ 1/2-1/2

[Event "GER-ch 71st"]
[Site "Altenkirchen"]
[Date "1999.11.14"]
[Round "3"]
[White "Holzhaeuer, Mathias"]
[Black "Janz, Frerik"]
[Result "1-0"]
[WhiteElo "2334"]
[BlackElo "2284"]
[EventDate "1999.11.12"]
[PlyCount "71"]

1. e4 c5 2. Nf3 e6 3. c3 Nf6 4. e5 Nd5 5. d4 cxd4 6. cxd4 d6 7. a3 Bd7 8. Bd3 Bc6 9. O-O Nd7 10. Qe2 Rc8 11. Bd2 Be7 12. b4 a6 13. a4 N5b6 14. b5 axb5 15. Bxb5 O-O 16. a5 Nd5 17. Na3 dxe5 18. dxe5 Bb4 19. Bxc6 bxc6 20. Bxb4 Nxb4 21. Nc4 c5 22. Rfc1 Ra8 23. Ra3 Qc7 24. Ng5 h6 25. Rh3 Rfd8 26. Qh5 Nf8 27. Nd6 Nd5 28. Rh4 Rd7 29. g3 Rxa5 30. Nge4 Ng6 31. Rg4 Rd8 32. Rb1 Nb4 33. Nxf7 Qxf7 34. Rxg6 Qf5 35. Qxh6 Rd7 36. Nf6+ 1-0

[Event "GER-ch 71st"]
[Site "Altenkirchen"]
[Date "1999.11.14"]
[Round "3"]
[White "Jugelt, Tobias"]
[Black "Kaster, Martin"]
[Result "0-1"]
[WhiteElo "2401"]
[BlackElo "2072"]
[EventDate "1999.11.12"]
[PlyCount "126"]

1. d4 c6 2. Bg5 Qa5+ 3. Qd2 Qxd2+ 4. Nxd2 d5 5. e4 h6 6. Be3 dxe4 7. Nxe4 Bf5 8. Bd3 e6 9. Nf3 Nd7 10. O-O-O Bxe4 11. Bxe4 Ngf6 12. Bd3 Ng4 13. Rhe1 Bd6 14. Re2 Nxe3 15. fxe3 O-O-O 16. e4 e5 17. c3 f6 18. g3 Rhe8 19. Nh4 a6 20. Bc4 Nb6 21. Bb3 c5 22. Nf5 c4 23. Bc2 Bf8 24. d5 Rd7 25. b3 Kb8 26. Kb2 Rc8 27. b4 Rcd8 28. Ne3 Rc7 29. h4 Nc8 30. a4 b5 31. a5 Nd6 32. g4 Be7 33. Ng2 g6 34. Rf1 Rdd7 35. Ne1 Bd8 36. Nf3 Nf7 37. Ref2 Kb7 38. Kc1 Kc8 39. Kd2 Kb7 40. Ke3 Ka7 41. Ng1 Nd6 42. Rh2 Rh7 43. Rff2 h5 44. gxh5 Rxh5 45. Nf3 Rch7 46. Rhg2 R5h6 47. Rf1 Kb7 48. Rfg1 Rg7 49. Bd1 f5 50. Nxe5 Rxh4 51. Rxg6 Rxg6 52. Nxg6 Rh3+ 53. Kf4 fxe4 54. Bg4 Rxc3 55. Rh1 Bc7 56. Rh7 Rd3 57. Nf8 Ne8+ 58. d6 Rxd6 59. Ke3 Nf6 60. Rg7 c3 61. Be2 c2 62. Rg1 Nd5+ 63. Kd2 Nxb4+ 0-1

[Event "GER-ch 71st"]
[Site "Altenkirchen"]
[Date "1999.11.14"]
[Round "3"]
[White "Kersten, Uwe"]
[Black "Bruch, Jochen"]
[Result "1-0"]
[WhiteElo "2366"]
[BlackElo "2320"]
[EventDate "1999.11.12"]
[PlyCount "119"]

1. e4 c5 2. Nf3 e6 3. d4 cxd4 4. Nxd4 Nf6 5. Bd3 a6 6. O-O Qc7 7. Qe2 d6 8. c4 Bd7 9. Nc3 Nc6 10. Nxc6 Bxc6 11. b3 Rc8 12. Bb2 Be7 13. Rac1 Bd7 14. f4 O-O 15. Kh1 e5 16. fxe5 dxe5 17. Nd5 Qd6 18. c5 Qe6 19. Bc4 Nxd5 20. exd5 Qh6 21. b4 Bg5 22. Rce1 Bf4 23. h3 Bd2 24. Bc1 Bxc1 25. Rxc1 Rce8 26. b5 axb5 27. Bxb5 Bxb5 28. Qxb5 e4 29. d6 Rb8 30. Rce1 f5 31. Qc4+ Kh8 32. Qd5 Qg6 33. d7 h6 34. g4 f4 35. Rxe4 f3 36. Re3 f2 37. Re2 Rbd8 38. Rexf2 Rxf2 39. Rxf2 Qb1+ 40. Kg2 Qb5 41. Rd2 Qb4 42. Qd4 Qb5 43. a4 Qc6+ 44. Kg1 Qe6 45. Qd5 Qe7 46. Kg2 Qe3 47. a5 Rxd7 48. Qxd7 Qe4+ 49. Kf2 Qf4+ 50. Ke1 Qe3+ 51. Re2 Qg3+ 52. Kd2 Qf4+ 53. Kd1 Qf1+ 54. Re1 Qf3+ 55. Kc2 Qf2+ 56. Qd2 Qxc5+ 57. Qc3 Qf8 58. Kb2 Qf2+ 59. Ka1 Qf8 60. Rc1 1-0

[Event "GER-ch 71st"]
[Site "Altenkirchen"]
[Date "1999.11.14"]
[Round "3"]
[White "Kindermann, Stefan"]
[Black "Mueller, Matthias"]
[Result "1-0"]
[WhiteElo "2527"]
[BlackElo "2403"]
[EventDate "1999.11.12"]
[PlyCount "49"]

1. e4 e5 2. Nf3 Nc6 3. Bb5 a6 4. Ba4 Nf6 5. O-O b5 6. Bb3 Bc5 7. a4 Rb8 8. axb5 axb5 9. Nxe5 Nxe5 10. d4 Bxd4 11. Qxd4 d6 12. f4 c5 13. Qd1 Neg4 14. c3 Nxe4 15. Bxf7+ Kxf7 16. Qd5+ Kf6 17. Qxe4 Bb7 18. Qe2 h5 19. h3 Qe8 20. Qd2 Qc6 21. hxg4 hxg4 22. f5 Rh4 23. Re1 Kf7 24. Qe2 g3 25. Bg5 1-0

[Event "GER-ch 71st"]
[Site "Altenkirchen"]
[Date "1999.11.14"]
[Round "3"]
[White "Krause, Ullrich"]
[Black "Heinemann, Thies"]
[Result "1/2-1/2"]
[WhiteElo "2263"]
[BlackElo "2489"]
[EventDate "1999.11.12"]
[PlyCount "100"]

1. d4 Nf6 2. Nf3 c5 3. d5 b5 4. Bg5 Qb6 5. a4 b4 6. a5 Qb7 7. Bxf6 exf6 8. e4 g6 9. Bd3 Bg7 10. O-O O-O 11. Nbd2 d6 12. Nc4 Qc7 13. Nfd2 Nd7 14. f4 Ba6 15. Qf3 Rae8 16. Rae1 Re7 17. Qg3 Rfe8 18. Kh1 Qb8 19. b3 Rd8 20. Rf3 Rde8 21. Ref1 Qc7 22. Qh4 Nf8 23. e5 Bxc4 24. bxc4 f5 25. g4 dxe5 26. fxe5 Bxe5 27. gxf5 f6 28. Ne4 g5 29. Qh6 Rf7 30. Rg1 Bd4 31. Rg4 Nd7 32. Rg2 Qxa5 33. Rf1 Qa3 34. Nd6 Ref8 35. Nxf7 Rxf7 36. h4 Be3 37. hxg5 Bxg5 38. Rxg5+ fxg5 39. Qxg5+ Kh8 40. Qd8+ Nf8 41. f6 Qa6 42. d6 Qc6+ 43. Kg1 Qd7 44. Qe7 Qg4+ 45. Kf2 Qd4+ 46. Ke2 Rxe7+ 47. fxe7 Qe5+ 48. Kd1 Qa1+ 49. Kd2 Qc3+ 50. Kd1 Qa1+ 1/2-1/2

[Event "GER-ch 71st"]
[Site "Altenkirchen"]
[Date "1999.11.14"]
[Round "3"]
[White "Lutz, Christopher"]
[Black "Gutman, Lev"]
[Result "1-0"]
[WhiteElo "2591"]
[BlackElo "2471"]
[EventDate "1999.11.12"]
[PlyCount "81"]

1. e4 c5 2. Nf3 d6 3. d4 cxd4 4. Nxd4 Nf6 5. Nc3 a6 6. Be3 e5 7. Nb3 Be7 8. f3 h5 9. Be2 Be6 10. O-O Nbd7 11. Nd5 Bxd5 12. exd5 Nb6 13. c4 a5 14. f4 Ng4 15. Bxg4 Nxc4 16. Bf2 hxg4 17. Qxg4 O-O 18. fxe5 Nxe5 19. Qg3 Qd7 20. Rae1 a4 21. Nd4 Bf6 22. Re4 Ng6 23. Be3 Rae8 24. Rxe8 Rxe8 25. Nf5 Re5 26. Qg4 Kf8 27. Qf3 Kg8 28. Bd2 Re8 29. Nh6+ Kf8 30. Bc3 Ne5 31. Bxe5 dxe5 32. Qa3+ Qe7 33. d6 Qd8 34. Rxf6 gxf6 35. Qg3 Qb6+ 36. Kh1 Qxd6 37. Qg8+ Ke7 38. Nf5+ Ke6 39. Ng7+ Kd5 40. Qxe8 Qb4 41. Qd7+ 1-0

[Event "GER-ch 71st"]
[Site "Altenkirchen"]
[Date "1999.11.14"]
[Round "3"]
[White "Paulsen, Dirk"]
[Black "Von Herman, Ulf"]
[Result "1-0"]
[WhiteElo "2331"]
[BlackElo "2407"]
[EventDate "1999.11.12"]
[PlyCount "71"]

1. d4 d5 2. Nf3 Nf6 3. c4 c6 4. e3 Bf5 5. Nc3 e6 6. Qb3 Qb6 7. Qxb6 axb6 8. Nh4 Bc2 9. Kd2 Bb3 10. cxd5 exd5 11. Bd3 Bb4 12. Ke2 Bxc3 13. bxc3 Nbd7 14. Ba3 Bc4 15. Bxc4 dxc4 16. Bb2 Ra4 17. f3 O-O 18. e4 Rfa8 19. a3 Ne8 20. Nf5 Nc7 21. Ne3 b5 22. g4 Nb6 23. Kd2 R4a6 24. Kc2 Na4 25. h4 Re8 26. Bc1 Raa8 27. h5 Rad8 28. Bd2 Rd7 29. Rag1 Red8 30. g5 Ne6 31. Ng4 Nxd4+ 32. cxd4 Rxd4 33. Bc1 Rd3 34. Rd1 Rc3+ 35. Kb1 Rb3+ 36. Ka1 1-0

[Event "GER-ch 71st"]
[Site "Altenkirchen"]
[Date "1999.11.14"]
[Round "3"]
[White "Riediger, Martin"]
[Black "Marchio, Enrico"]
[Result "1/2-1/2"]
[WhiteElo "2230"]
[BlackElo "2289"]
[EventDate "1999.11.12"]
[PlyCount "93"]

1. d4 d5 2. Nf3 Nf6 3. c4 c6 4. Nc3 dxc4 5. a4 Bg4 6. e3 e5 7. Bxc4 Bxf3 8. gxf3 exd4 9. exd4 Bd6 10. Bg5 O-O 11. Qd2 Re8+ 12. Kf1 Nbd7 13. Rd1 Qa5 14. d5 Bb4 15. Rg1 Nxd5 16. Bh6 g6 17. Bxd5 cxd5 18. Qxd5 Bxc3 19. Qxa5 Bxa5 20. Rxd7 Rab8 21. Rg4 a6 22. Rf4 f5 23. Rg7+ Kh8 24. Rd4 Rg8 25. Rdd7 Rxg7 26. Bxg7+ Kg8 27. Bf6 b5 28. axb5 Rxb5 29. Rg7+ Kf8 30. Rxh7 Rb6 31. Be5 Bd2 32. Rd7 Bc1 33. Rd6 Rxd6 34. Bxd6+ Kf7 35. b3 Ke6 36. Bf8 Kd5 37. Ke2 Kd4 38. Bg7+ Kc5 39. Kd3 Kb4 40. Kc2 Bf4 41. h3 Bd6 42. Kb2 Bc5 43. Bc3+ Kb5 44. Be1 Bd4+ 45. Kc2 Kc5 46. Kd3 Kd5 47. f4 1/2-1/2

[Event "GER-ch 71st"]
[Site "Altenkirchen"]
[Date "1999.11.14"]
[Round "3"]
[White "Schmidt, Reiner"]
[Black "Osieka, Udo"]
[Result "1-0"]
[WhiteElo "2144"]
[BlackElo "2342"]
[EventDate "1999.11.12"]
[PlyCount "47"]

1. d4 Nf6 2. Nf3 e6 3. e3 c5 4. Bd3 Nc6 5. O-O d5 6. b3 Nb4 7. Be2 Bd6 8. Bb2 O-O 9. a3 Nc6 10. Ne5 Qc7 11. f4 Rd8 12. Bd3 Ne8 13. Rf3 cxd4 14. exd4 f6 15. Bxh7+ Kxh7 16. Rh3+ Kg8 17. Ng6 e5 18. Rh8+ Kf7 19. Qh5 Ke6 20. Qh3+ Kf7 21. f5 exd4 22. Qh5 Bxh2+ 23. Kh1 Nd6 24. Nf4+ 1-0

[Event "GER-ch 71st"]
[Site "Altenkirchen"]
[Date "1999.11.14"]
[Round "3"]
[White "Schunk, Eduard"]
[Black "Kaeser, Udo"]
[Result "0-1"]
[WhiteElo "2260"]
[BlackElo "2334"]
[EventDate "1999.11.12"]
[PlyCount "115"]

1. e4 c5 2. Nf3 Nc6 3. Bb5 d6 4. O-O Bd7 5. c3 a6 6. Ba4 Nf6 7. Re1 b5 8. Bc2 Bg4 9. h3 Bxf3 10. Qxf3 g6 11. a4 b4 12. a5 Nd7 13. Ba4 Qc8 14. cxb4 Nd4 15. Qd3 Bg7 16. bxc5 dxc5 17. Nc3 e6 18. Qc4 O-O 19. Qf1 Rd8 20. d3 Ne5 21. Bd1 Rb8 22. Ra3 Qc7 23. f4 Nec6 24. e5 Nb5 25. Ra1 Nb4 26. Re3 Nxc3 27. bxc3 Nd5 28. Re4 Nxc3 29. Rc4 Nxd1 30. Qxd1 Rb5 31. Qd2 Qd7 32. Ra3 Bf8 33. Qc2 Rdb8 34. Kh2 Be7 35. Be3 Qd5 36. Bc1 Bd8 37. Rac3 Rc8 38. Be3 Bxa5 39. Rxc5 Rbxc5 40. Rxc5 Rxc5 41. Bxc5 Qc6 42. Qf2 Bd8 43. Bd6 Bb6 44. Qh4 Qc1 45. d4 h5 46. f5 g5 47. Qe4 Qf4+ 48. Qxf4 gxf4 49. fxe6 fxe6 50. g4 hxg4 51. hxg4 Bxd4 52. Kg2 a5 53. Kf3 Bb2 54. Kxf4 a4 55. Kg5 Kg7 56. Be7 a3 57. Bf6+ Kg8 58. Be7 0-1

[Event "GER-ch 71st"]
[Site "Altenkirchen"]
[Date "1999.11.14"]
[Round "3"]
[White "Seger, Ruediger"]
[Black "Rohde, Ulrich"]
[Result "1-0"]
[WhiteElo "2412"]
[BlackElo "2290"]
[EventDate "1999.11.12"]
[PlyCount "79"]

1. e4 c5 2. c3 d5 3. exd5 Qxd5 4. d4 g6 5. Nf3 Bg7 6. Be3 Nh6 7. Qb3 Qxb3 8. axb3 cxd4 9. Nxd4 O-O 10. Nb5 Na6 11. Bxa7 Bd7 12. N1a3 Bc6 13. Bb6 Nf5 14. f3 Nb4 15. Bc5 Nd5 16. Bc4 Nfe3 17. Kf2 Nxc4 18. bxc4 Nf4 19. Rhd1 Rfd8 20. Bb6 Nd3+ 21. Ke2 Nf4+ 22. Kf1 Rd3 23. Nd4 Rxd1+ 24. Rxd1 Ba4 25. Rd2 Bh6 26. Ndb5 Ne6 27. Re2 Bb3 28. Be3 Bg7 29. Rd2 Rc8 30. Rd7 Bxc4+ 31. Nxc4 Rxc4 32. Rxe7 Bf8 33. Rxb7 Rc8 34. b3 h5 35. c4 Nc5 36. Bxc5 Bxc5 37. Rc7 Rxc7 38. Nxc7 Bd6 39. Na6 Bxh2 40. b4 1-0

[Event "GER-ch 71st"]
[Site "Altenkirchen"]
[Date "1999.11.14"]
[Round "3"]
[White "Slobodjan, Roman"]
[Black "Hickl, Joerg"]
[Result "1/2-1/2"]
[WhiteElo "2550"]
[BlackElo "2552"]
[EventDate "1999.11.12"]
[PlyCount "43"]

1. d4 d6 2. Nf3 Nf6 3. c4 Nbd7 4. Nc3 c6 5. e4 e5 6. Be2 a6 7. a4 a5 8. O-O Be7 9. Qc2 O-O 10. Rd1 Qc7 11. h3 Re8 12. Be3 exd4 13. Nxd4 Nc5 14. Bf4 Bf8 15. Bf3 Qb6 16. Rd2 g6 17. Rad1 Nfd7 18. Be2 Nf6 19. Bf3 Nfd7 20. Be2 Ne5 21. Be3 Ned7 22. Bf4 1/2-1/2

[Event "GER-ch 71st"]
[Site "Altenkirchen"]
[Date "1999.11.14"]
[Round "3"]
[White "Suhl, Dirk"]
[Black "Riegler, Dieter"]
[Result "1/2-1/2"]
[WhiteElo "2360"]
[BlackElo "2194"]
[EventDate "1999.11.12"]
[PlyCount "58"]

1. Nf3 Nf6 2. c4 g6 3. Nc3 Bg7 4. e4 d6 5. d4 O-O 6. Be2 e5 7. O-O Na6 8. Be3 Ng4 9. Bg5 Qe8 10. dxe5 dxe5 11. h3 h6 12. Bd2 Nf6 13. Be3 Qe7 14. Nd5 Qd8 15. Qb1 Nd7 16. b4 c6 17. Nc3 f5 18. Rd1 Qe7 19. a3 f4 20. Bc1 Nc7 21. c5 g5 22. Ra2 h5 23. Nd2 Nf6 24. Nc4 Ne6 25. Nxe5 Qc7 26. Nc4 g4 27. hxg4 Nxg4 28. Bxg4 hxg4 29. e5 Qf7 1/2-1/2

[Event "GER-ch 71st"]
[Site "Altenkirchen"]
[Date "1999.11.14"]
[Round "3"]
[White "Voigt, Roland"]
[Black "Reefschlaeger, Helmut"]
[Result "0-1"]
[WhiteElo "2147"]
[BlackElo "2381"]
[EventDate "1999.11.12"]
[PlyCount "90"]

1. e4 e6 2. d4 d5 3. e5 c5 4. c3 Nc6 5. Nf3 Bd7 6. Be2 f6 7. O-O fxe5 8. Nxe5 Nxe5 9. dxe5 Bc6 10. a4 Qd7 11. Bg5 Nh6 12. Na3 Nf7 13. Bh4 Bxa4 14. Qxa4 Qxa4 15. Bb5+ Qxb5 16. Nxb5 Kd7 17. Nxa7 g5 18. Bg3 Bg7 19. Rfe1 Rhb8 20. f4 gxf4 21. Bxf4 b6 22. Nb5 Ra5 23. c4 Rxa1 24. Rxa1 Rb7 25. Ra8 dxc4 26. Rg8 Bxe5 27. Bxe5 Kc6 28. Rg7 Nxe5 29. Na7+ Rxa7 30. Rxa7 b5 31. Kf1 Nd3 32. Rxh7 Nxb2 33. Ke2 b4 34. Rf7 b3 35. h4 c3 36. Rf1 c4 37. h5 Nd3 38. h6 b2 39. h7 Nc1+ 40. Rxc1 bxc1=Q 41. h8=Q Qd2+ 42. Kf3 c2 43. Qc8+ Kb5 44. Qb7+ Ka4 45. Qa6+ Kb3 0-1

[Event "GER-ch 71st"]
[Site "Altenkirchen"]
[Date "1999.11.15"]
[Round "4"]
[White "Bischoff, Klaus"]
[Black "Slobodjan, Roman"]
[Result "1/2-1/2"]
[WhiteElo "2509"]
[BlackElo "2550"]
[EventDate "1999.11.12"]
[PlyCount "139"]

1. Nf3 d5 2. b3 Bg4 3. e3 Nd7 4. Bb2 e6 5. h3 Bh5 6. d3 Ngf6 7. Nbd2 Bd6 8. Be2 Bxf3 9. Nxf3 O-O 10. a3 c6 11. c4 b5 12. cxd5 cxd5 13. O-O Qb6 14. Rc1 Rfc8 15. Rxc8+ Rxc8 16. Qa1 Ne8 17. Rc1 Rxc1+ 18. Qxc1 Qc7 19. Qxc7 Nxc7 20. Kf1 f6 21. Ke1 Nc5 22. Nd2 Kf7 23. Kd1 Nd7 24. Nf3 e5 25. Nd2 Nb8 26. b4 Nd7 27. Nb3 Nb6 28. Kc2 Ne6 29. Na5 Nd8 30. Bc1 a6 31. e4 Ne6 32. Be3 d4 33. Bd2 Bc7 34. Bg4 Ke7 35. h4 Nd8 36. h5 g6 37. g3 Ne6 38. Nb3 Nd7 39. Kd1 Bd6 40. Na5 Bc7 41. Nb3 Bd6 42. Ke2 Ng7 43. hxg6 hxg6 44. f4 Ne6 45. f5 Nef8 46. fxg6 Nxg6 47. Bh6 Nb8 48. Bf5 Kf7 49. Kf3 Ne7 50. Bh3 Nbc6 51. Bd2 Nd8 52. Bg4 Kg7 53. Bd7 Kf7 54. Na5 Bc7 55. a4 bxa4 56. Bxa4 Kg7 57. Kg4 Bd6 58. Nc4 Bc7 59. Bd7 Kf7 60. Kf3 Ne6 61. Ba4 Nd8 62. Bb3 Kg6 63. Na5 Bd6 64. Nc4 Bc7 65. Na3 Bd6 66. Nc2 Nec6 67. Bc4 Nb8 68. g4 Bf8 69. b5 axb5 70. Bxb5 1/2-1/2